00918 a2200193 45000010006000000050017000060080041000230030015000640400040000790800047001192450131001660200022002972640033003193000019003525050207003710410008005781000043005868560095006294118520260407155705.0260407a2016 arg spa dAR-UNSa-BCEJYS aAR-UNSa-BCEJYSbspacAR-UNSa-BCEJYS a347.1/7(094.4)xCódigo Civil y Comercial10aCódigo Civil y Comercial de la NaciónpLey 26.994. Aprobación. Tabla comparativa de normas. Legislación complementaria a978-987-745-043-9 1aBuenos Aires :bAD-HOCc2016 a699 p.c23 cm. a1. Parte General - 2. Relaciones de Familia - 3. Derechos personales - 4. Derechos Reales - 5. Transmisión de Derechos por Causa de muerte - 6. Disposiciones comunes a los derechos personales y reales aspa1 aArgentina (Código Civil y Comercial)41uhttps://biblioeco.unsa.edu.ar/pmb/images/libros/L126416.jpgyImagen de portadaqimage/jpeg